00993nam a22002417a 4500003000400000005001700004008004100021020001800062040002300080041001300103082001800116100002600134245008600160250002300246260004200269300002900311500005600340520025000396650002900646650002500675650001600700700003500716OSt20250421145757.0201023s2009 sp ||||gr|||| 00| 0 spa d a9788492429974 aCOP-JMCRcCOP-JMCR1 aspaheng04aA-NbJABa2231 aJaber, Hala, eautora10aAlfombra voladora sobre Bagdad / cHala Jaber ; traducción de Roser Berdagué  aPrimera edición  aBarcelona : bRoca editorial, c2009. a287 páginas ; c23 cm. aDatos biográficos de la autora en solapa frontal.0 aEs esencial que aprendamos de otras culturas. A través de su relato de los traumas de la guerra y del sacrificio de la inocencia, Hala Jaber nos lleva a un mundo diferente y, al mismo tiempo, consigue que nos preguntemos sobre nosotros mismos.24aHuérfanosxliteratura 24aCondiciones sociales24aPeriodistas1 aBerdagué, Roser, etraductor